000 00329nam a2200133Ia 4500
008 220803s9999 xx 000 0 und d
041 _aeng
082 _a720 OLE
100 _aOles P S
_99932
245 _aArchitecture Illustrations
260 _aLondon
_bB T Batsford
500 _aArchitecture
650 _aInterior Design
_99933
999 _c8695
_d8695